| 000 | 00533nam a22001937a 4500 | ||
|---|---|---|---|
| 005 | 20251108164951.0 | ||
| 008 | 250721s1984 xx 000 0 ara d | ||
| 082 | 1 | 4 | _a214/محم |
| 100 | 1 | _aالغزالي، محمد | |
| 245 | 1 | 0 | _aعقيدة المسلم / |
| 250 | _aط4. | ||
| 264 | 1 |
_aالقاهره : _bدار الكتب الإسلاميه، _c1984. |
|
| 300 | _a243ص | ||
| 650 | 1 | 7 | _aالإسلام |
| 650 | 1 | 7 | _aأصول الدين الإسلامي |
| 650 | 1 | 7 | _aالتوحيد |
| 942 |
_2ddc _cBK |
||
| 999 |
_c18646 _d18646 |
||